The analects
Confucius is one of the most humane, rational, and licid of moral teachers, concerned not with arcane metaphysics, but with practical issues of life and conduct. What is virtue? What sort of life is most conducive to happiness? How should the state be ruled? What is the proper relationship between h...
Shranjeno v:
| Glavni avtor: | |
|---|---|
| Format: | Knjiga |
| Jezik: | Undetermined |
| Izdano: |
London
Everyman's Library
2000
|
| Teme: | |
| Oznake: |
Označite
Brez oznak, prvi označite!
|
| Thư viện lưu trữ: | Trung tâm Học liệu Trường Đại học Cần Thơ |
|---|
| LEADER | 00915nam a2200181Ia 4500 | ||
|---|---|---|---|
| 001 | CTU_47263 | ||
| 008 | 210402s9999 xx 000 0 und d | ||
| 082 | |a 181.11 | ||
| 082 | |b C748/2000 | ||
| 100 | |a CONFUCIUS | ||
| 245 | 4 | |a The analects | |
| 245 | 0 | |c CONFUCIUS, Arthur Waley | |
| 260 | |a London | ||
| 260 | |b Everyman's Library | ||
| 260 | |c 2000 | ||
| 520 | |a Confucius is one of the most humane, rational, and licid of moral teachers, concerned not with arcane metaphysics, but with practical issues of life and conduct. What is virtue? What sort of life is most conducive to happiness? How should the state be ruled? What is the proper relationship between human beíng and their environment?... The questions Confucius addressed two and a half millennia ago remain as relevant as ever | ||
| 650 | |a confucius and confucianism,philosophy, chinese | ||
| 980 | |a Trung tâm Học liệu Trường Đại học Cần Thơ | ||